000 00589nam a2200241Ia 4500
003 OSt
005 20220918200414.0
006 a|||||r|||| 00| 0
007 ta
008 220917b |||||||| |||| 00| 0 eng d
024 _a88,617
037 _cTextual
040 _aARTS
_cARTS
_beng
041 _2eng
_aeng
082 _aU2, K4 (u)
100 _aHorrocks N K
_993904
245 0 _aPhysical geography and climatology
250 _a2nd
260 _c1964
650 _aPHYSICAL GEOGRAPHY
942 _hU2, K4 (u)
_cTEXL
_2CC
999 _c212287
_d212287